[Event "Florianopolis op 6th"]
[Site "Florianopolis"]
[Date "2020.01.22"]
[Round "4"]
[White "Balbinotti, Rafael Tiago Busane"]
[Black "Ittner, Emily Caroline"]
[Result "1-0"]
[WhiteElo "1375"]
[BlackElo "1087"]
[PlyCount "67"]
[EventDate "2020.01.20"]
[EventType "swiss"]
[EventRounds "10"]
[EventCountry "BRA"]
[SourceTitle "CBM 194 Extra"]
[Source "ChessBase"]
[SourceDate "2020.03.31"]
[SourceVersion "1"]
[SourceVersionDate "2020.03.31"]
[SourceQuality "1"]

1. d4 d5 2. c4 e6 3. Nf3 g6 4. Bg5 Ne7 5. e3 Bg7 6. Nc3 0-0 7. Bd3 b6 8. 0-0 c5 9. dxc5 bxc5 10. cxd5 exd5 11. Qc2 Bb7 12. a4 Nbc6 13. Nb5 a6 14. Nc3 d4 15. Ne4 Rc8 16. Nxc5 Nb4 17. Qb3 Nxd3 18. Nxb7 Qd7 19. Qxd3 Qxb7 20. Nxd4 Rfe8 21. b3 f6 22. Bf4 Rcd8 23. Rac1 Rd7 24. Rfd1 Nc6 25. Qc4+ Kh8 26. Qxc6 Qa7 27. Ne6 Rde7 28. Rd8 Rxd8 29. Nxd8 f5 30. Bd6 Bb2 31. Bxe7 Bxc1 32. Qf6+ Kg8 33. Qf7+ Kh8 34. Qf8# 1-0